Human Torch or Captain America Quiz Stats

 Plays Quiz Updated Mar 21, 2020

Support Sporcle.
Go Orange.
Score 0/20 Timer 05:00
0 Plays Today
Quote Human Torch (H) or Captain America (C) % Correct
But the price of freedom is high. It always has been. And it's a price I'm willing to pay.???
88.5%
Oh, well that's easy: I'm hot.???
88%
If Sue finds out, you're gonna get an invisible kick in the nuts.???
87.6%
Language!???
85.5%
I can't lead a mission when the people I'm leading have missions of their own.???
85.3%
I know this neighborhood. I got beat up in that alley. And that parking lot. And behind that diner.???
85.1%
You know, I still don't know how to dance.???
84.5%
Alright, listen up. Until we can close that portal, our priority's containment.???
83.1%
To quote a friend of mine: 'It's cloberrin' time!'???
82.3%
All right, I'm here, let's make this quick, I've got a lot of places to go today. Oh wait - I don't go anywhere!???
82%
Quote Human Torch (H) or Captain America (C) % Correct
Unfortunately, the doctors just couldn't do anything to fix your face.???
81.4%
We wouldn't even be in this position if I wasn't such a complete screw up.???
80.6%
Okay, wide load coming through! Everybody move! He's huge!???
80%
You get hurt, hurt 'em back. You get killed... walk it off.???
76.8%
I could catch him, but he's too strong for me.???
75.2%
Sometimes, patience is the key to victory. Sometimes, it leads to very little, and it seems like it's not worth it.???
74.6%
I'm sick of watching people pay for our mistakes...???
73.3%
I don't know if that's a good idea. They said the shock alone...???
67.5%
What's the matter, scared of a little lightning????
64%
The world is literally at stake. You have to trust us... please.???
49.5%

From the Vault

NHL Stats Leaders per Decade

by Lauro

Sports 16m
But who leads the pack in terms of most fistfights?
Remove Ads.
Support Sporcle.
Get the best of Sporcle when you Go Orange. This ad-free experience offers more features, more stats, and more fun while also helping to support Sporcle. Thank you for becoming a member.

Show Comments

Extras

Top Quizzes Today


Score Distribution

Your Account Isn't Verified!

In order to create a playlist on Sporcle, you need to verify the email address you used during registration. Go to your Sporcle Settings to finish the process.

Report this User

Report this user for behavior that violates our Community Guidelines.

Details: